000 00720nam a2200229Ia 4500
005 20260429111958.0
008 260429s9999||||xx |||||||||||||| ||und||
020 _a9783110757491
041 _aEnglish
082 _a628
_bKRU
100 _aKrueger, Robert
245 0 _aScience, engineering, and sustainable development :
_bcases in planning, health, agriculture, and the environment /
_cRobert Krueger
260 _aGermany :
_bDe Gruyter,
_c2024.
300 _axi, 253 p.; pbk
440 _aIntegrated global STEM; 1
650 _a Sustainable development
650 _a Sustainable environment
650 _aSanitary engineering
700 _a Soboyejo, Wole
700 _a Telliel, Yunus
942 _cTB
999 _c51718
_d51718